01175nam a22002415i 4500001000700000003000900007005001700016008004100033080002800074080001900102080002800121100003400149245021100183260005400394300002100448530003500469600003400504600002800538650006300566852009300629852009900722856011200821161776ES-MaACL20251201163631.0980130s1860 sp |||| | spa d a929 Pérez Calvo, Juan a929 Prim, Juan a355.48(460:64)"1859/60"1 aPérez Calvo, Juan, dm.187010aSiete días en el campamento de África al lado del general Prim :bcomprende desde el día 2 al 8 de febrero inclusive en que han tenido lugar los principales acontecimientos / cpor Juan Pérez Calvo. aMadrid : b[s.n.], c1860 (fImp. de T. Fortanet) a98 p. ; c21 cm. aDisponible en formato digital.14aPérez Calvo, Juan, dm.187014aPrim, Juan, d1814-1870 4aGuerra hispano-marroquí, 1859-1860-vRelatos personales.4 aES-MaACLjT-57-F-2 z- Enc. hol., falto de cub. originalz- Enc. en un vol. facticio4 aES-MaACLjT-1394-F-4 z- Enc. hol. conservando cub. originalz- Enc. en un vol. facticio4 uhttps://bibliotecadigital.jcyl.es/es/consulta/registro.do?id=23256zBiblioteca Digital de Castilla y León